Bundesliga top scorer of every year - Statistics

General Stats
  • This quiz has been taken 93 times
  • The average score is 11 of 15
Answer Stats
Hint Answer % Correct
2021-22 Lewandowski
100%
2020-21 Lewandowski
100%
2019-20 Lewandowski
100%
2018-19 Lewandowski
100%
2017-18 Lewandowski
100%
2015-16 Lewandowski
100%
2013-14 Lewandowski
100%
2016-17 Aubameyang
67%
2022-23 Füllkrug
62%
2010-11 Gomez
60%
2009-10 Dzeko
40%
2008-09 Grafite
38%
2014-15 Meier
36%
2011-12 Huntelaar
35%
2012-13 Kießling
31%
No matching quizzes found
Score Distribution
Percent of People with Each Score
Percentile by Number Answered
Your Score History
You have not taken this quiz